Estimation and expression of uncertainty for curing parameters of rubber compounds (Record no. 58816)

MARC details
000 -LEADER
fixed length control field 00474nam a2200169Ia 4500
100 ## - MAIN ENTRY--AUTHOR NAME
Personal name Shaktawat Pushkar Raj Singh
245 #0 - TITLE STATEMENT
Title Estimation and expression of uncertainty for curing parameters of rubber compounds
260 ## - PUBLICATION, DISTRIBUTION, ETC. (IMPRINT)
Name of publisher Rubber World
Year of publication 2004
300 ## - PHYSICAL DESCRIPTION
Number of Pages 17-19
650 ## - SUBJECT ADDED ENTRY--TOPICAL TERM
Topical Term Curing parameters
650 ## - SUBJECT ADDED ENTRY--TOPICAL TERM
Topical Term Rubber compounds
700 ## - ADDED ENTRY--PERSONAL NAME
Personal name Bandari V
700 ## - ADDED ENTRY--PERSONAL NAME
Personal name Dhupia D
700 ## - ADDED ENTRY--PERSONAL NAME
Personal name Mukhopadhyay
942 ## - ADDED ENTRY ELEMENTS (KOHA)
Koha item type Journals
Holdings
Withdrawn status Lost status Damaged status Not for loan Home library Current library Shelving location Date acquired Serial Enumeration / chronology Koha item type
      Journals RRII Library RRII Library Rubber chemistry 17/12/2021 Volume 231, Issue 3 Journals